ในกำแพงแก้ว (ระเบียนเลขที่ 7866)
| 000 -LEADER | |
|---|---|
| fixed length control field | 01386nam a22002897a 4500 |
| 005 - DATE AND TIME OF LATEST TRANSACTION | |
| control field | 20211111121101.0 |
| 008 - FIXED-LENGTH DATA ELEMENTS--GENERAL INFORMATION | |
| fixed length control field | s2531 th tha d |
| 020 ## - INTERNATIONAL STANDARD BOOK NUMBER | |
| International Standard Book Number | 9742451133 |
| 041 ## - LANGUAGE CODE | |
| Language code of text/sound track or separate title | tha |
| 050 ## - LIBRARY OF CONGRESS CALL NUMBER | |
| Classification number | DS570.4 ธ129น 2531 |
| 100 0# - MAIN ENTRY--PERSONAL NAME | |
| Personal name | ธงทอง จันทรางศุ |
| 245 10 - TITLE STATEMENT | |
| Title | ในกำแพงแก้ว |
| 260 3# - PUBLICATION, DISTRIBUTION, ETC. | |
| Place of publication, distribution, etc. | กรุงเทพฯ : |
| Name of publisher, distributor, etc. | บำรุงสาส์น, |
| Date of publication, distribution, etc. | 2531 |
| 300 ## - PHYSICAL DESCRIPTION | |
| Extent | 293 หน้า : |
| Other physical details | ภาพประกอบ ; |
| Dimensions | 19 ซม. |
| 650 04 - SUBJECT ADDED ENTRY--TOPICAL TERM | |
| Topical term or geographic name entry element | ราชสกุล |
| 650 04 - SUBJECT ADDED ENTRY--TOPICAL TERM | |
| Topical term or geographic name entry element | ราชสำนักและข้าราชสำนัก |
| 650 04 - SUBJECT ADDED ENTRY--TOPICAL TERM | |
| Topical term or geographic name entry element | ราชินี |
| 650 04 - SUBJECT ADDED ENTRY--TOPICAL TERM | |
| Topical term or geographic name entry element | ศรีพัชรินทราบรมราชินีนาถ, สมเด็จพระ, 2406--2462 |
| 650 04 - SUBJECT ADDED ENTRY--TOPICAL TERM | |
| Topical term or geographic name entry element | ศรีสวรินทิราบรมราชเทวี พระพันวัสสาอัยยิกาเจ้า, สมเด็จพระ, 2405--2498 |
| 650 04 - SUBJECT ADDED ENTRY--TOPICAL TERM | |
| Topical term or geographic name entry element | สุขุมาลมารศรี, สมเด็จพระปิตุจฉาเจ้า |
| 650 04 - SUBJECT ADDED ENTRY--TOPICAL TERM | |
| Topical term or geographic name entry element | สุนันทากุมารีรัตน์, สมเด็จพระนางเจ้า, 2403--2423 |
| 650 04 - SUBJECT ADDED ENTRY--TOPICAL TERM | |
| Topical term or geographic name entry element | เจ้าจอมมารดา |
| 850 ## - HOLDING INSTITUTION | |
| Holding institution | NALT |
| 942 ## - ADDED ENTRY ELEMENTS (KOHA) | |
| Koha item type | General Book |
| Koha issues (borrowed), all copies | 1 |
| 997 ## - | |
| -- | 000000000007866 |
| 998 ## - LOCAL CONTROL INFORMATION (RLIN) | |
| -- | BENJALUCK |
| -- | 8 |
| -- | บัณฑิต อุทาวงค์ |
| Withdrawn status | Lost status | Damaged status | Not for loan | Collection code | Home library | Current library | Date acquired | Total Checkouts | Full call number | Barcode | Date last seen | Date last checked out | Price effective from | Koha item type |
|---|---|---|---|---|---|---|---|---|---|---|---|---|---|---|
| General Book collection | National Assembly Library of Thailand | National Assembly Library of Thailand | 11/11/2021 | 1 | DS 570.4 ธ129น 2531 | 3961115873 | 22/11/2021 | 11/11/2021 | 09/06/2017 | General Book |
